00593nam a2200169 a 450000100100000000500170001000800410002702000180006804000250008610000340011124500880014526000570023330000210029049000180031150000760032983000180040500003912620201002031517.0130527s2012 pr 000 0 spa d a9789945455885 aDO-SdBNPbspacBNPHU1 aGómez Beras, Carlos Roberto10aMapa al corazón del hombre :bpuesía 2008-2012 /cCarlos Roberto Gómez Beras. aSan Juan, Puerto Rico :bIsla Negra Editores,c2012. a215 p. ;c22 cm.1 aFilo de juego aIncluye datos biográficos del autor en la solapa de la contracubierta 0aFilo de juego